| 000 | 01735nam a22001697a 4500 | ||
|---|---|---|---|
| 008 | 150518b xxu||||| |||| 00| 0 eng d | ||
| 020 | _a042160400 | ||
| 050 | _aKD1629.C43 | ||
| 100 | _aDobson, Paul. | ||
| 245 |
_aCharlesworth's business law. / _cPaul Dobson. |
||
| 250 | _a16th ed. | ||
| 260 |
_aLondon: _bSweet & Maxwell, _c1997. |
||
| 300 |
_axcv, 838p. : _c23cm. |
||
| 500 | _aIncludes index. | ||
| 505 | _aContents: Contract: Nature of contract -- Formation of contract -- Terms of contract -- Forms of contract -- Capacity of contract -- Reality of contract -- Illegal contracts -- Discharge of contract -- Remedies for breach of contract -- Operation, assignment and interpretation of contract -- Conflict of laws -- Contract of employment, agency and partnership: Contract of employment -- Agency -- Partnership -- Sale of goods, hire-purchase and consumer credit: The sale of goods -- Hire-purchase -- Consumer credit -- International trade: The international sale of goods -- The Finance of international trade -- Competition: Monopolies and mergers, restrictive trade practices, resale price maintenance and other anti-competitive practices -- Competition rules of the European communities -- Negotiable instruments: Bills of exchange -- Cheques and promissory notes -- Bailment, pawn and lien -- Guarantee -- Insurance: Life, fire and accident insurance -- Marine insurance -- Carriage by land, sea and air: Common and private carriers -- Carriage by land -- Carriage by sea -- Carriage by air -- Trade secrets, patents and trade marks: Trade secrets, patents and trade marks -- Copyright and related rights -- Data protection -- Bankruptcy: Arrangement and bankruptcy -- Arbitration: Arbitration. | ||
| 942 |
_2lcc _cBK |
||
| 999 |
_c5518 _d13018 |
||